| 000 | nam a22 7a 4500 | ||
|---|---|---|---|
| 999 |
_c329560 _d329560 |
||
| 003 | NUST | ||
| 005 | 20170615132716.0 | ||
| 008 | 170514b xxu||||| |||| 00| 0 eng d | ||
| 020 | _a9799693516288 | ||
| 040 | _cNUST | ||
| 082 |
_a891.4392 _bAHM |
||
| 100 |
_aAhmad, Ashfaq _9677 |
||
| 245 |
_aDhandoraa: _btalqeen shah/ _cby Ashfaq Ahmad |
||
| 260 |
_aLahore: _bSang-e- Meel Publications, _c2004 |
||
| 300 | _a414 p. | ||
| 500 | _aRadio Drama | ||
| 650 |
_aUrdu Literature _9347 |
||
| 880 |
_6100-01\(3\r _aاشفاق احمد |
||
| 880 |
_6245-02\(3\r _aڈھنڈورا _bتلقین شاہ _cاشفاق احمد |
||
| 880 |
_6260-03\(3\r _aلاہور: _bسنگ میل پبلی کیشنز، _c2004 |
||
| 942 |
_2ddc _cBK |
||